[Event "DSOL 2021"]
[Site "Germany"]
[Date "2021.03.05"]
[Round "5.2"]
[White "Foerster, Erik"]
[Black "Fehling, Michael"]
[Result "0-1"]
[WhiteElo "2065"]
[BlackElo "1653"]
[Annotator "TA"]
[PlyCount "58"]
[EventDate "2021.01.18"]
[EventType "team-tourn"]
[EventCountry "GER"]
[SourceTitle "playchess.com"]
[Source "ChessBase"]
[SourceQuality "1"]
[WhiteTeam "SF Heidesheim I"]
[BlackTeam "Hamburger SK II"]

1. d4 Nf6 2. g3 g6 3. Bg2 Bg7 4. e4 d6 5. Ne2 O-O 6. Nbc3 c5 7. h3 cxd4 8. Nxd4 Nc6 9. Be3 Bd7 10. O-O Qc8 11. Nxc6 Bxc6 12. Rc1 Qe6 13. Nd5 Nxe4 14. Nc7 Qxa2 15. Nxa8 Rxa8 16. Bd4 e5 17. Ra1 Qe6 18. Rxa7 Rc8 19. Be3 f5 20. Qa1 Bb5 21. Rd1 Ba6 22. c3 d5 23. Qa5 d4 24. cxd4 Qb3 25. Qe1 exd4 26. Rxd4 Bxd4 27. Bxd4 Rd8 28. Bxe4 fxe4 29. Qa5 Qd1+ 0-1

[Event "DSOL 2021"]
[Site "Germany"]
[Date "2021.03.02"]
[Round "5.2"]
[White "Schueler, Hendrik"]
[Black "Bosser, Heinz-Dieter"]
[Result "1-0"]
[WhiteElo "2063"]
[BlackElo "1947"]
[Annotator "TA"]
[PlyCount "67"]
[EventDate "2021.01.18"]
[EventType "team-tourn"]
[EventCountry "GER"]
[SourceTitle "playchess.com"]
[Source "ChessBase"]
[SourceQuality "1"]

1. e4 e6 2. d4 d5 3. Nd2 c5 4. exd5 Qxd5 5. dxc5 Bxc5 6. Ngf3 Nf6 7. Bd3 Nc6 8. O-O O-O 9. Qe2 Qh5 10. Ne4 Be7 11. Bg5 Nxe4 12. Bxe7 Nxe7 13. Qxe4 Nd5 14. c4 Nf6 15. Qf4 b6 16. Ne5 Bb7 17. Rfe1 Rad8 18. Re3 Qh6 19. Qxh6 gxh6 20. Rd1 Kg7 21. Rg3+ Kh8 22. Be2 Rxd1+ 23. Bxd1 Be4 24. Ra3 a5 25. Rb3 Rc8 26. Rxb6 Rc5 27. Nxf7+ Kg7 28. Nd6 Bc6 29. Be2 Nd7 30. Ra6 Ne5 31. Ra7+ Kg6 32. f4 Nd7 33. Bd3+ Kf6 34. Rxd7 1-0

[Event "DSOL 2021"]
[Site "Germany"]
[Date "2021.03.01"]
[Round "5.2"]
[White "Hofer, Markus"]
[Black "Kempe, Kay"]
[Result "1-0"]
[WhiteElo "2058"]
[BlackElo "1576"]
[Annotator "TA"]
[PlyCount "57"]
[EventDate "2021.01.18"]
[EventType "team-tourn"]
[EventCountry "GER"]
[SourceTitle "playchess.com"]
[Source "ChessBase"]
[SourceQuality "1"]

1. d4 Nf6 2. c4 g6 3. Nc3 Bg7 4. e4 d6 5. f3 O-O 6. Be3 c5 7. dxc5 dxc5 8. Qxd8 Rxd8 9. Bxc5 Nc6 10. Rd1 Rxd1+ 11. Kxd1 Nd7 12. Ba3 Bxc3 13. bxc3 b6 14. Ne2 e5 15. Nc1 Ba6 16. Nb3 Rc8 17. c5 Bxf1 18. Rxf1 bxc5 19. Nxc5 Nb6 20. Kc2 Na5 21. Nb3 Nac4 22. Bc1 Na4 23. Rd1 Nxc3 24. Kxc3 Ne3+ 25. Kd2 Rd8+ 26. Kxe3 Rxd1 27. Bd2 f6 28. a4 Ra1 29. Nxa1 1-0

[Event "DSOL 2021"]
[Site "Germany"]
[Date "2021.03.01"]
[Round "5.2"]
[White "Rosenkraenzer, Torsten"]
[Black "Simukov, Erik"]
[Result "1/2-1/2"]
[WhiteElo "2029"]
[BlackElo "2000"]
[Annotator "TA"]
[PlyCount "104"]
[EventDate "2021.01.18"]
[EventType "team-tourn"]
[EventCountry "GER"]
[SourceTitle "playchess.com"]
[Source "ChessBase"]
[SourceQuality "1"]

1. d4 d5 2. c4 e6 3. Nc3 Nf6 4. cxd5 exd5 5. Bg5 c6 6. e3 Be7 7. Bd3 O-O 8. Qc2 Nbd7 9. Nge2 Re8 10. O-O Nf8 11. f3 g6 12. Rad1 Ne6 13. Bh4 b6 14. Kh1 Bb7 15. Bf2 Rc8 16. e4 dxe4 17. fxe4 Ng4 18. Bg1 Bg5 19. Rf3 Qe7 20. h3 Nf6 21. e5 Nd7 22. Rff1 f5 23. Qb3 Kh8 24. a4 a6 25. Bc4 Nd8 26. d5 b5 27. dxc6 Bxc6 28. axb5 axb5 29. Bxb5 Nxe5 30. Nd4 Bxb5 31. Ndxb5 Ndf7 32. Ra1 Rcd8 33. Ra7 Qe6 34. Qxe6 Rxe6 35. Rb1 Kg8 36. Nc7 Re7 37. N7d5 Rxa7 38. Bxa7 Nd6 39. b4 Nb5 40. Bb6 Rd7 41. Nxb5 Rxd5 42. Nc7 Rd7 43. Ne6 Rd6 44. Nxg5 Rxb6 45. b5 Kg7 46. Kh2 h6 47. Nf3 Kf6 48. Kg3 g5 49. Nxe5 Kxe5 50. Kf3 Kd5 51. g3 Kc5 52. Ke3 Rxb5 1/2-1/2

[Event "DSOL 2021"]
[Site "Germany"]
[Date "2021.03.02"]
[Round "5.2"]
[White "Tebelmann, Lars"]
[Black "Bloch, Colin"]
[Result "1-0"]
[WhiteElo "2027"]
[BlackElo "1747"]
[Annotator "TA"]
[PlyCount "61"]
[EventDate "2021.01.18"]
[EventType "team-tourn"]
[EventCountry "GER"]
[SourceTitle "playchess.com"]
[Source "ChessBase"]
[SourceQuality "1"]

1. c4 Nf6 2. Nf3 c5 3. Nc3 g6 4. d4 cxd4 5. Nxd4 Bg7 6. e4 Nc6 7. Nc2 O-O 8. Be2 d6 9. O-O b6 10. Be3 Bb7 11. f3 Nd7 12. Qd2 Rc8 13. Rad1 Na5 14. b3 Nc6 15. Nd5 f5 16. exf5 Rxf5 17. Nf4 Qe8 18. Ne6 Qf7 19. Nxg7 Qxg7 20. Nd4 Nxd4 21. Bxd4 e5 22. Bb2 Rf6 23. f4 Rcf8 24. Bg4 Nc5 25. fxe5 dxe5 26. Qg5 Rxf1+ 27. Rxf1 Nd3 28. Be6+ Kh8 29. Rxf8+ Qxf8 30. Bxe5+ Nxe5 31. Qxe5+ 1-0

[Event "DSOL 2021"]
[Site "Germany"]
[Date "2021.03.03"]
[Round "5.2"]
[White "Roeder, Phillip"]
[Black "Soergel, Thomas"]
[Result "0-1"]
[WhiteElo "2011"]
[BlackElo "2019"]
[Annotator "TA"]
[PlyCount "100"]
[EventDate "2021.01.18"]
[EventType "team-tourn"]
[EventCountry "GER"]
[SourceTitle "playchess.com"]
[Source "ChessBase"]
[SourceQuality "1"]

1. Nc3 d5 2. e4 d4 3. Nce2 e5 4. Nf3 Bd6 5. Ng3 Nf6 6. Bc4 O-O 7. O-O c5 8. Qe2 Nc6 9. a3 a6 10. d3 h6 11. Nh4 Ne7 12. h3 Kh7 13. Nhf5 Nxf5 14. Nxf5 Bxf5 15. exf5 Qe7 16. f4 e4 17. dxe4 Qxe4 18. Re1 Qxe2 19. Rxe2 b5 20. Bd3 c4 21. Be4 Rae8 22. Bf3 Rxe2 23. Bxe2 Re8 24. Kf2 Bc5 25. Kf3 Nd5 26. b3 Nc3 27. Bf1 Re1 28. Bb2 Re3+ 29. Kf2 Ne4+ 30. Kg1 d3 31. b4 Bb6 32. cxd3 c3 33. Kh2 cxb2 34. Rb1 Nd2 35. Rxb2 Nxf1+ 36. Kh1 Rxd3 37. Rb1 Ng3+ 38. Kh2 Nxf5 39. a4 Bc7 40. axb5 Bxf4+ 41. Kg1 axb5 42. Rf1 Ng3 43. Rb1 Rc3 44. Kf2 Ne4+ 45. Ke2 Ng3+ 46. Kf2 Nf5 47. g4 Nd4 48. h4 Rc2+ 49. Kf1 Nf3 50. h5 Bg3 0-1

[Event "DSOL 2021"]
[Site "Germany"]
[Date "2021.03.03"]
[Round "5.2"]
[White "Engert, Marvin"]
[Black "Loseries, Uwe"]
[Result "0-1"]
[WhiteElo "2000"]
[BlackElo "2197"]
[Annotator "TA"]
[PlyCount "118"]
[EventDate "2021.01.18"]
[EventType "team-tourn"]
[EventCountry "GER"]
[SourceTitle "playchess.com"]
[Source "ChessBase"]
[SourceQuality "1"]

1. e4 c6 2. b3 d5 3. Bb2 dxe4 4. Nc3 Nf6 5. Nge2 Bg4 6. h3 Bh5 7. g4 Bg6 8. Ng3 e6 9. Qe2 Qa5 10. Ncxe4 Nxe4 11. Nxe4 h5 12. Bg2 hxg4 13. hxg4 Rxh1+ 14. Bxh1 Nd7 15. a4 O-O-O 16. O-O-O Nc5 17. Qc4 Nxe4 18. Bxe4 Bxe4 19. Qxe4 Qg5 20. Qe3 Qxe3 21. fxe3 Rd5 22. Rf1 f6 23. Kd1 Rg5 24. Rf4 Bd6 25. Re4 Kd7 26. Bc3 Rg6 27. Ke2 Rh6 28. a5 Rh2+ 29. Kf3 Ke7 30. Ra4 g5 31. Ra1 f5 32. Rg1 f4 33. exf4 Bxf4 34. Rg2 Rh3+ 35. Ke4 Kd6 36. Bb4+ c5 37. Bc3 Rh1 38. b4 Re1+ 39. Kf3 cxb4 40. Bxb4+ Kd5 41. Bc3 e5 42. d3 Re3+ 43. Kf2 e4 44. dxe4+ Kxe4 45. Bb4 Rh3 46. Ke2 Rh1 47. Be1 Rh7 48. Rg1 Rh2+ 49. Kd1 Kf3 50. Bb4 Rh7 51. Bc5 Rd7+ 52. Ke1 Bd2+ 53. Kf1 Be3 54. Rg3+ Kxg3 55. Bxe3 Kxg4 56. Bxa7 Kf3 57. Ke1 g4 58. c4 g3 59. Bb6 g2 0-1

[Event "DSOL 2021"]
[Site "Germany"]
[Date "2021.03.05"]
[Round "5.2"]
[White "Adelberger, Georg"]
[Black "Schoenfelder, Felix"]
[Result "1-0"]
[WhiteElo "1981"]
[BlackElo "1821"]
[Annotator "TA"]
[PlyCount "61"]
[EventDate "2021.01.18"]
[EventType "team-tourn"]
[EventCountry "GER"]
[SourceTitle "playchess.com"]
[Source "ChessBase"]
[SourceQuality "1"]
[WhiteTeam "SC Kreuzberg I"]
[BlackTeam "SV Wermelskirchen I"]

1. Nf3 Nf6 2. b4 g6 3. Bb2 Bg7 4. c4 d6 5. d4 O-O 6. Nbd2 Nbd7 7. e4 e5 8. dxe5 dxe5 9. Be2 Qe7 10. Qb3 b6 11. O-O Bb7 12. Bd3 a5 13. a3 Rfd8 14. Rfe1 Bf8 15. Bc3 Nh5 16. Bf1 Bh6 17. Qb2 a4 18. Rad1 f6 19. g3 Ba6 20. Qc2 Kh8 21. Bh3 Qf7 22. Bb2 Bf8 23. Nf1 Bd6 24. Ne3 Bb7 25. Rd2 h6 26. Red1 f5 27. Nxe5 Nxe5 28. Bxe5+ Kg8 29. exf5 Rf8 30. Bxd6 cxd6 31. Rxd6 1-0

[Event "DSOL 2021"]
[Site "Germany"]
[Date "2021.03.01"]
[Round "5.2"]
[White "Ottway, Christopher"]
[Black "Berndt, Matthias"]
[Result "1-0"]
[WhiteElo "1979"]
[BlackElo "2072"]
[Annotator "TA"]
[PlyCount "99"]
[EventDate "2021.01.18"]
[EventType "team-tourn"]
[EventCountry "GER"]
[SourceTitle "playchess.com"]
[Source "ChessBase"]
[SourceQuality "1"]

1. c4 e5 2. g3 Nc6 3. Nc3 g6 4. Bg2 Bg7 5. d3 d6 6. e4 Be6 7. Nge2 Qd7 8. h3 f5 9. f4 Nf6 10. O-O fxe4 11. fxe5 dxe5 12. Rxf6 Bxf6 13. Nxe4 O-O 14. Kh2 Bg7 15. Nc5 Qd6 16. Nxe6 Rfe8 17. Ng5 Nd8 18. Nc3 h6 19. Nge4 Qd7 20. Bxh6 c6 21. Bxg7 Kxg7 22. Qd2 Ne6 23. Rf1 Rf8 24. h4 Nd4 25. Ng5 Qe7 26. Ne2 Rxf1 27. Bxf1 Qxg5 28. Qxg5 Nf3+ 29. Kg2 Nxg5 30. hxg5 Rd8 31. Nc3 Rd4 32. Ne4 b5 33. b3 a5 34. Kf3 a4 35. Ke3 axb3 36. axb3 bxc4 37. bxc4 Kf7 38. Bh3 Ke7 39. Bg2 Ke6 40. Nf6 Kf5 41. Bxc6 Kxg5 42. Ne4+ Kf5 43. Bd5 g5 44. Nc5 Kf6 45. Ne4+ Kf5 46. Bb7 Rd8 47. c5 Rg8 48. c6 Rg7 49. Bc8+ Kg6 50. Bd7 1-0

[Event "DSOL 2021"]
[Site "Germany"]
[Date "2021.03.05"]
[Round "5.2"]
[White "Melcher, Matthias"]
[Black "Albert, Markus"]
[Result "1-0"]
[WhiteElo "1975"]
[BlackElo "1926"]
[Annotator "TA"]
[PlyCount "29"]
[EventDate "2021.01.18"]
[EventType "team-tourn"]
[EventCountry "GER"]
[SourceTitle "playchess.com"]
[Source "ChessBase"]
[SourceQuality "1"]
[WhiteTeam "SC Moosburg"]
[BlackTeam "SC Ansbach"]

1. e4 e5 2. Nf3 Nf6 3. Nc3 Nc6 4. Bc4 Nxe4 5. Nxe4 d5 6. Bd3 dxe4 7. Bxe4 Ne7 8. Ng5 h6 9. Nxf7 Kxf7 10. Qf3+ Kg8 11. Qb3+ Nd5 12. Bxd5+ Kh7 13. Be4+ g6 14. Qf7+ Bg7 15. Bxg6# 1-0

[Event "DSOL 2021"]
[Site "Germany"]
[Date "2021.03.04"]
[Round "5.2"]
[White "Meyer, Irmin"]
[Black "Otte, Marco"]
[Result "1-0"]
[WhiteElo "1965"]
[BlackElo "2207"]
[Annotator "TA"]
[PlyCount "81"]
[EventDate "2021.01.18"]
[EventType "team-tourn"]
[EventCountry "GER"]
[SourceTitle "playchess.com"]
[Source "ChessBase"]
[SourceQuality "1"]

1. e4 c5 2. c3 d6 3. d4 cxd4 4. cxd4 Nf6 5. Nc3 g6 6. Nf3 Bg7 7. Be2 O-O 8. O-O Nc6 9. d5 Nb8 10. h3 Bd7 11. Be3 Ne8 12. Qb3 b6 13. Rac1 Nc7 14. Rfd1 Nba6 15. Qc2 Rc8 16. Nd4 Nc5 17. b4 N5a6 18. Qb3 Bxd4 19. Bxd4 Qe8 20. Qa3 b5 21. Bxa7 Ra8 22. Be3 Qb8 23. Qb2 f6 24. f4 Rc8 25. a3 Qb7 26. Bf3 Nb8 27. e5 Qa6 28. e6 Be8 29. Nb1 Qb7 30. Nd2 Nba6 31. Nb3 Rab8 32. Na5 Qa8 33. Rc3 h6 34. Qd2 Kh7 35. Rdc1 Kg7 36. Nc6 Bxc6 37. Rxc6 Ne8 38. Qd3 Rxc6 39. Rxc6 Nac7 40. h4 Qa4 41. h5 1-0

[Event "DSOL 2021"]
[Site "Germany"]
[Date "2021.03.01"]
[Round "5.2"]
[White "Noack, Mario"]
[Black "Eike, Detlef"]
[Result "0-1"]
[WhiteElo "1959"]
[BlackElo "1828"]
[Annotator "TA"]
[PlyCount "71"]
[EventDate "2021.01.18"]
[EventType "team-tourn"]
[EventCountry "GER"]
[SourceTitle "playchess.com"]
[Source "ChessBase"]
[SourceQuality "1"]

1. c4 e5 2. g3 Nf6 3. Nc3 c6 4. Bg2 d5 5. cxd5 cxd5 6. d4 e4 7. Bf4 Bb4 8. e3 Nc6 9. Nge2 O-O 10. a3 Bxc3+ 11. Nxc3 a6 12. Rc1 Be6 13. O-O Rc8 14. b4 b5 15. f3 exf3 16. Bxf3 h6 17. h4 Qd7 18. Qe2 Rfe8 19. Kh1 Bf5 20. Qd1 Ne4 21. Nxe4 Bxe4 22. Kg2 f6 23. Bxe4 Rxe4 24. Qh5 Qf7 25. Qf5 Qe6 26. Qh5 Kh7 27. Rc5 Ne7 28. Rfc1 Rxc5 29. bxc5 Nc6 30. g4 Rxf4 31. exf4 Qe4+ 32. Kh3 g6 33. Qxg6+ Kxg6 34. f5+ Kf7 35. Rg1 Nxd4 36. Rg3 0-1

[Event "DSOL 2021"]
[Site "Germany"]
[Date "2021.03.03"]
[Round "5.2"]
[White "Di Candia, Roberto"]
[Black "Schrepp, Florian"]
[Result "1-0"]
[WhiteElo "1958"]
[BlackElo "1956"]
[Annotator "TA"]
[PlyCount "95"]
[EventDate "2021.01.18"]
[EventType "team-tourn"]
[EventCountry "GER"]
[SourceTitle "playchess.com"]
[Source "ChessBase"]
[SourceQuality "1"]

1. c4 g6 2. g3 Bg7 3. Bg2 d6 4. e4 Nd7 5. Ne2 e5 6. O-O Ngf6 7. Nbc3 O-O 8. d4 Re8 9. b3 exd4 10. Nxd4 Nc5 11. f3 Nh5 12. g4 Nf6 13. Bg5 h6 14. Bh4 Ne6 15. Nde2 Qd7 16. Qd2 g5 17. Bg3 Qe7 18. Rae1 h5 19. Nd5 Qd8 20. h3 Nxd5 21. exd5 Nf8 22. Nc3 Rxe1 23. Rxe1 f5 24. Nb5 f4 25. Bf2 a6 26. Nd4 Qf6 27. Bf1 Bd7 28. Bd3 Ng6 29. Kg2 Ne5 30. Nf5 Re8 31. Be4 Qf7 32. c5 Bf8 33. Qc3 Bb5 34. a4 Bd7 35. a5 Bb5 36. cxd6 cxd6 37. Bb6 Qd7 38. Rc1 Bg7 39. Qc7 Bd3 40. Qxd7 Nxd7 41. Nxg7 Rxe4 42. fxe4 Bxe4+ 43. Kf2 Nxb6 44. axb6 Kxg7 45. Rc7+ Kf6 46. Rxb7 Bxd5 47. Ra7 hxg4 48. hxg4 1-0

[Event "DSOL 2021"]
[Site "Germany"]
[Date "2021.03.02"]
[Round "5.2"]
[White "Heiden, Markus"]
[Black "Padva, Leo"]
[Result "0-1"]
[WhiteElo "1944"]
[BlackElo "1954"]
[Annotator "TA"]
[PlyCount "52"]
[EventDate "2021.01.18"]
[EventType "team-tourn"]
[EventCountry "GER"]
[SourceTitle "playchess.com"]
[Source "ChessBase"]
[SourceQuality "1"]

1. Nf3 d5 2. e3 Nf6 3. b3 c5 4. Bb5+ Bd7 5. Bxd7+ Nbxd7 6. Bb2 e6 7. O-O Bd6 8. d3 e5 9. c4 d4 10. exd4 cxd4 11. Nbd2 O-O 12. Qe2 Re8 13. Ne4 Nxe4 14. dxe4 a5 15. Ne1 Qb6 16. Nd3 a4 17. Qc2 Qc6 18. f3 Rec8 19. Qd2 b5 20. Rac1 Qa6 21. cxb5 Qxb5 22. Rxc8+ Rxc8 23. b4 Nb6 24. a3 Nc4 25. Qc2 Rc7 26. Qb1 Nd2 0-1

[Event "DSOL 2021"]
[Site "Germany"]
[Date "2021.03.01"]
[Round "5.2"]
[White "Klaus, Christian"]
[Black "Zeldin, Leonid"]
[Result "1-0"]
[WhiteElo "1940"]
[BlackElo "1606"]
[Annotator "TA"]
[PlyCount "87"]
[EventDate "2021.01.18"]
[EventType "team-tourn"]
[EventCountry "GER"]
[SourceTitle "playchess.com"]
[Source "ChessBase"]
[SourceQuality "1"]

1. e4 g6 2. Nc3 Bg7 3. g3 c5 4. Bg2 Nc6 5. d3 e6 6. Be3 Nd4 7. Qd2 Ne7 8. Nd1 d6 9. c3 Ndc6 10. Bh6 Bxh6 11. Qxh6 Ng8 12. Qd2 Bd7 13. Ne2 Qe7 14. Ne3 O-O-O 15. d4 f5 16. exf5 gxf5 17. O-O Nf6 18. b4 h5 19. Nf4 Rhg8 20. d5 Ne5 21. dxe6 Bxe6 22. Qc2 Ne4 23. Nxe6 Qxe6 24. Nxf5 Qxf5 25. Qxe4 Qxe4 26. Bxe4 cxb4 27. cxb4 d5 28. Rac1+ Kb8 29. Bg2 d4 30. Rfd1 h4 31. Rc5 Rge8 32. Rd5 Rxd5 33. Bxd5 Rd8 34. Be4 Kc7 35. gxh4 Kb6 36. h5 Kb5 37. h6 Kxb4 38. h7 Kc3 39. Rc1+ Kd2 40. Rc2+ Kd1 41. Rc7 d3 42. f4 d2 43. fxe5 Ke2 44. Bc2 1-0

[Event "DSOL 2021"]
[Site "Germany"]
[Date "2021.03.04"]
[Round "5.2"]
[White "Busch, Michael"]
[Black "Thomas, Tobias"]
[Result "0-1"]
[WhiteElo "1927"]
[BlackElo "1958"]
[Annotator "TA"]
[PlyCount "38"]
[EventDate "2021.01.18"]
[EventType "team-tourn"]
[EventCountry "GER"]
[SourceTitle "playchess.com"]
[Source "ChessBase"]
[SourceQuality "1"]

1. Nf3 Nf6 2. g3 g6 3. Bg2 Bg7 4. c4 O-O 5. d4 c6 6. Nc3 d5 7. cxd5 Nxd5 8. O-O Bg4 9. h3 Bxf3 10. Bxf3 Nb6 11. d5 cxd5 12. Nxd5 Nc6 13. Nc3 Qc8 14. Bxc6 Qxc6 15. Bg5 Qe6 16. Qb3 Qxh3 17. Bxe7 Rfe8 18. Bc5 Re5 19. Bxb6 Rh5 0-1

[Event "DSOL 2021"]
[Site "Germany"]
[Date "2021.03.03"]
[Round "5.2"]
[White "Schulze Bisping, Franz-Adolf"]
[Black "Jaeger, Niklas"]
[Result "1-0"]
[WhiteElo "1926"]
[BlackElo "1605"]
[Annotator "TA"]
[PlyCount "105"]
[EventDate "2021.01.18"]
[EventType "team-tourn"]
[EventCountry "GER"]
[SourceTitle "playchess.com"]
[Source "ChessBase"]
[SourceQuality "1"]

1. d4 e6 2. c4 Nf6 3. Nc3 Bb4 4. e3 b6 5. Bd3 Bb7 6. f3 c5 7. a3 cxd4 8. axb4 dxc3 9. bxc3 d5 10. Ne2 Nc6 11. cxd5 Qxd5 12. O-O O-O 13. e4 Qd7 14. Bg5 Rfd8 15. Bb5 Qe7 16. Qb3 h6 17. Be3 Ne5 18. Nd4 Qc7 19. Bf4 g5 20. Bg3 Nh5 21. Nxe6 fxe6 22. Qxe6+ Qf7 23. Qxe5 Nxg3 24. hxg3 a6 25. Be2 Re8 26. Qd4 Qc7 27. Bc4+ Kh7 28. Bd5 Rad8 29. Qf6 Bxd5 30. Qf5+ Kg7 31. exd5 Re5 32. Qd3 Rexd5 33. Qxa6 Qxg3 34. Qxb6 Rd2 35. Ra7+ R8d7 36. Rxd7+ Rxd7 37. Ra1 h5 38. Qf2 Qc7 39. Qe3 Qd8 40. Ra7 Rxa7 41. Qxa7+ Kg6 42. Qd4 Qc7 43. c4 Qg3 44. Qe4+ Kf6 45. c5 h4 46. Qd4+ Kg6 47. Qd6+ Qxd6 48. cxd6 Kf6 49. Kh2 Ke6 50. Kh3 Kxd6 51. Kg4 Kc6 52. Kxg5 Kb5 53. f4 1-0

[Event "DSOL 2021"]
[Site "Germany"]
[Date "2021.03.05"]
[Round "5.2"]
[White "Langer, Michael S."]
[Black "Fiedler, Lars"]
[Result "0-1"]
[WhiteElo "1913"]
[BlackElo "1487"]
[Annotator "TA"]
[PlyCount "162"]
[EventDate "2021.01.18"]
[EventType "team-tourn"]
[EventCountry "GER"]
[SourceTitle "playchess.com"]
[Source "ChessBase"]
[SourceQuality "1"]
[WhiteTeam "SC Braunschweig"]
[BlackTeam "SV Lauf I"]

1. Nf3 Nf6 2. c4 e6 3. Nc3 d5 4. cxd5 exd5 5. d4 Be7 6. Bg5 O-O 7. e3 c6 8. Bd3 Nbd7 9. O-O Re8 10. Qc2 h6 11. Bh4 Ne4 12. Bxe7 Qxe7 13. Bxe4 dxe4 14. Nd2 f5 15. Rab1 Nf6 16. Nc4 Be6 17. Ne5 Nd7 18. Nxd7 Qxd7 19. b4 Bc4 20. Ne2 Qf7 21. Rb2 a5 22. bxa5 Rxa5 23. Ra1 Rea8 24. Nc1 Ra3 25. h3 b5 26. Kh2 Qe6 27. g3 g5 28. Qd2 h5 29. Qd1 Qf7 30. Qc2 Kg7 31. Qd2 Qe6 32. Qd1 Kh6 33. Qd2 R8a4 34. Rb4 Ra8 35. Rb2 Qd6 36. Qc2 h4 37. Nb3 hxg3+ 38. fxg3 Qd5 39. Rc1 Rf8 40. Qf2 Rf6 41. Rcc2 Bxb3 42. axb3 Rxb3 43. Rxb3 Qxb3 44. Rc5 Qe6 45. h4 gxh4 46. Qf4+ Kg6 47. gxh4 Qa2+ 48. Kh1 Qb1+ 49. Kh2 Qd1 50. Qg5+ Kf7 51. Rxf5 Qe2+ 52. Kh1 Qe1+ 53. Kh2 Qe2+ 54. Kh1 Qe1+ 55. Kh2 Qd2+ 56. Kh1 Qc1+ 57. Kh2 Qc2+ 58. Kh1 Rxf5 59. Qxf5+ Ke7 60. Qe5+ Kd7 61. Qg7+ Kd6 62. Qf6+ Kc7 63. Qe7+ Kb6 64. Qd8+ Kb7 65. Qd7+ Ka6 66. Qc8+ Ka5 67. Qc7+ Kb4 68. Qd6+ Kb3 69. Qc5 Qd1+ 70. Kh2 Qe2+ 71. Kh1 Qf1+ 72. Kh2 Qf2+ 73. Kh1 Qxh4+ 74. Kg2 Qg4+ 75. Kf1 Qf3+ 76. Kg1 Qxe3+ 77. Kg2 Qf3+ 78. Kg1 e3 79. d5 e2 80. Kh2 Qf4+ 81. Kg2 e1=Q 0-1

[Event "DSOL 2021"]
[Site "Germany"]
[Date "2021.03.02"]
[Round "5.2"]
[White "Palme, Holger"]
[Black "Schiefer, Peter"]
[Result "1-0"]
[WhiteElo "1911"]
[BlackElo "1632"]
[Annotator "TA"]
[PlyCount "115"]
[EventDate "2021.01.18"]
[EventType "team-tourn"]
[EventCountry "GER"]
[SourceTitle "playchess.com"]
[Source "ChessBase"]
[SourceQuality "1"]

1. d4 Nf6 2. Bg5 e6 3. Nf3 Be7 4. Nbd2 d5 5. e3 O-O 6. Rc1 Nbd7 7. Bd3 h6 8. Bh4 c5 9. c3 Qb6 10. b3 Rd8 11. O-O a5 12. a4 Nf8 13. Ne5 Bd7 14. f4 Rac8 15. Ndf3 Qd6 16. Qe2 Ne4 17. Bxe7 Qxe7 18. Bxe4 dxe4 19. Nd2 f5 20. Ndc4 Ra8 21. Rfd1 Be8 22. Nb6 Ra6 23. dxc5 Rxd1+ 24. Rxd1 Qxc5 25. Rd8 Qe7 26. Rxe8 Qxe8 27. Nbc4 Nd7 28. g4 Nxe5 29. Nxe5 Rd6 30. Qc4 Qd8 31. Kg2 Qh4 32. Qe2 fxg4 33. Nxg4 Rd3 34. Nf2 Rxc3 35. Nxe4 Rxb3 36. Nc5 Rb4 37. Nxe6 Qf6 38. Nd4 Qg6+ 39. Kf2 Rb1 40. Nf3 Kh7 41. e4 Qb6+ 42. Kg3 Rb3 43. e5 Qg1+ 44. Kh3 Qg6 45. Kh4 Rb4 46. Qd2 Qe4 47. Kg3 Rxa4 48. e6 Ra3 49. Qd1 Qxf3+ 50. Qxf3 Rxf3+ 51. Kxf3 Kg6 52. Ke4 Kf6 53. Kd5 a4 54. Kd6 a3 55. e7 a2 56. e8=Q a1=Q 57. Qe5+ Qxe5+ 58. fxe5+ 1-0

[Event "DSOL 2021"]
[Site "Germany"]
[Date "2021.03.04"]
[Round "5.2"]
[White "Grossmann, Piet"]
[Black "Barskij, Aleksandr"]
[Result "1/2-1/2"]
[WhiteElo "1902"]
[BlackElo "1887"]
[Annotator "TA"]
[PlyCount "81"]
[EventDate "2021.01.18"]
[EventType "team-tourn"]
[EventCountry "GER"]
[SourceTitle "playchess.com"]
[Source "ChessBase"]
[SourceQuality "1"]

1. e4 c5 2. Nf3 Nc6 3. d4 cxd4 4. Nxd4 Nf6 5. Nc3 d6 6. Bc4 e6 7. Be3 a6 8. Qe2 Qc7 9. Bb3 Na5 10. O-O-O Be7 11. Kb1 b5 12. g4 Bb7 13. f3 Nxb3 14. axb3 Rc8 15. Bf2 O-O 16. h4 Nd7 17. g5 Ne5 18. f4 Nc6 19. Nf3 Nb4 20. Nd4 Nc6 21. g6 Nxd4 22. gxh7+ Kh8 23. Bxd4 b4 24. Na4 e5 25. Bb6 Qc6 26. Rde1 exf4 27. Bd4 f3 28. Qxf3 Qxc2+ 29. Ka2 f5 30. Qg3 Bf6 31. Bxf6 Rxf6 32. Rhg1 Rc7 33. exf5 Kxh7 34. Qg4 a5 35. Qh5+ Rh6 36. Qg5 Bd5 37. Rg3 Rf6 38. Qh5+ Rh6 39. Qg5 Rf6 40. Qh5+ Rh6 41. Qg5 1/2-1/2

[Event "DSOL 2021"]
[Site "Germany"]
[Date "2021.03.04"]
[Round "5.2"]
[White "Reinke, Martin"]
[Black "Buchholz, Robert"]
[Result "0-1"]
[WhiteElo "1863"]
[BlackElo "1988"]
[Annotator "TA"]
[PlyCount "104"]
[EventDate "2021.01.18"]
[EventType "team-tourn"]
[EventCountry "GER"]
[SourceTitle "playchess.com"]
[Source "ChessBase"]
[SourceQuality "1"]

1. d4 c5 2. dxc5 e6 3. Nf3 Bxc5 4. e3 Nf6 5. Bd3 Nc6 6. O-O O-O 7. b3 b6 8. Bb2 Bb7 9. Nbd2 Nb4 10. Be2 d5 11. c3 Nc6 12. Rc1 Qe7 13. c4 dxc4 14. Nxc4 Rfd8 15. Qc2 Nb4 16. Bxf6 Qxf6 17. Qb1 h6 18. a3 Nc6 19. b4 Bd6 20. b5 Ne5 21. Nfxe5 Bxe5 22. Nxe5 Qxe5 23. Qb4 Qg5 24. Qg4 Qxg4 25. Bxg4 Rac8 26. Bf3 Bxf3 27. gxf3 Kf8 28. a4 Ke7 29. Kg2 Rc5 30. Rxc5 bxc5 31. Rc1 Rd5 32. f4 Kd6 33. Rc4 f5 34. Kf3 Rd2 35. a5 Ra2 36. b6 axb6 37. axb6 Rb2 38. Ra4 Rxb6 39. Ra7 Kd5 40. Rxg7 c4 41. Rd7+ Kc5 42. Ke2 Kb4 43. Kd2 Kb3 44. Kc1 Ra6 45. Rb7+ Kc3 46. Kb1 Ra3 47. f3 Rb3+ 48. Rxb3+ Kxb3 49. e4 Kc3 50. Kc1 Kd3 51. exf5 exf5 52. h3 Ke3 0-1

[Event "DSOL 2021"]
[Site "Germany"]
[Date "2021.03.02"]
[Round "5.2"]
[White "Pougin, Elias"]
[Black "Oberling, Mario"]
[Result "1/2-1/2"]
[WhiteElo "1838"]
[BlackElo "1861"]
[Annotator "NA RC"]
[PlyCount "64"]
[EventDate "2021.01.18"]
[EventType "team-tourn"]
[EventCountry "GER"]
[SourceTitle "playchess.com"]
[Source "ChessBase"]
[SourceQuality "1"]

1. c4 Nf6 2. Nf3 e6 3. g3 d5 4. Bg2 Be7 5. O-O O-O 6. b3 c6 7. d4 Nbd7 8. Nbd2 dxc4 9. bxc4 c5 10. e3 Rb8 11. Nb3 b6 12. Bb2 Qc7 13. Rc1 Bb7 14. Qe2 Rfd8 15. Rfd1 a5 16. dxc5 Nxc5 17. Nbd4 Be4 18. Nb5 Qb7 19. Ne1 Bxg2 20. Nxg2 Nfe4 21. Be5 Rbc8 22. h4 Rxd1+ 23. Rxd1 Nd7 24. Bb2 Ndf6 25. Bxf6 Bxf6 26. Nf4 h6 27. Qc2 Be7 28. Nd3 Nd6 29. Nxd6 Bxd6 30. Nb2 Qc7 31. Na4 Qc6 32. Qb3 Bc5 1/2-1/2